000 00369nam a2200145Ia 4500
008 100122s9999 xx 000 0 und d
082 _b14498
_a823
100 _aROBERTS MARY
245 _aRINEHART THE YELLOW ROOM
260 _bA LADDER EDITION
_c1945
300 _a256
630 _aRINEHART THE YELLOW ROOM
730 _aRINEHART THE YELLOW ROOM
942 _cBOOK
999 _c444994
_d444991